000 00567nam a2200229Ia 4500
003 OSt
005 20221005123431.0
006 a|||||r|||| 00| 0
007 ta
008 221004b |||||||| |||| 00| 0 eng d
024 _a42252
037 _cTextual
040 _aCRL
_cCRL
_beng
041 _2eng
_aeng
082 _aO122:3M02:11, 111J8
100 _aHugo Victor
245 0 _aLes miserables
260 _c1965
650 _aENGLISH LITERATURE
942 _hO122:3M02:11, 111J8
_cTEXL
_2cc
999 _c1047386
_d1047386